Výchova a vzdelávanie spotrebiteľa

Vzdelávanie spotrebiteľa je spôsob, ako vyrovnať moc medzi výrobcami a spotrebiteľmi. Vzťah medzi ochranou spotrebiteľa a vzdelávaním spotrebiteľa je prepojený. Význam vzdelávania spotrebiteľov pre kvalifikované rozhodnutia v nákupe, pri ochrane vlastných ekonomických záujmov. Platí, že spotrebiteľ...

Descrizione completa

Salvato in:
Dettagli Bibliografici
Autore principale: Dzurová, Mária
Natura: Capitolo di libro
Lingua:slovacco
Soggetti:
Tags: Aggiungi Tag
Nessun Tag, puoi essere il primo ad aggiungerne!!

MARC

LEADER 00000nla a2200000 4500
001 0195806
005 20240502073307.0
041 0 |a slo 
044 |a SK 
245 1 0 |a Výchova a vzdelávanie spotrebiteľa  |c Mária Dzurová 
520 |a Vzdelávanie spotrebiteľa je spôsob, ako vyrovnať moc medzi výrobcami a spotrebiteľmi. Vzťah medzi ochranou spotrebiteľa a vzdelávaním spotrebiteľa je prepojený. Význam vzdelávania spotrebiteľov pre kvalifikované rozhodnutia v nákupe, pri ochrane vlastných ekonomických záujmov. Platí, že spotrebiteľ ako najslabší článok trhových vzťahov nie je informovaný, dostatočne vzdelaný na to, aby pochopil marketingové a obchodné praktiky. 
610 2 0 |a spotrebitelia 
610 2 0 |a ochrana spotrebiteľa 
610 2 0 |a vzdelávanie 
610 2 0 |a informácie 
100 1 |a Dzurová, Mária